000 00732pam a2200241 a 4500
001 2943679
005 20180124075907.0
008 900327s1990 cau bf 001 0 eng
010 _a 90034667
020 _a0874362849 (alk. paper)
040 _aDLC
_cDLC
_dDLC
041 _aeng
043 _an-us---
080 _a305.260973 VIE
082 0 0 _a305.260973 VIE
_220
100 1 _a50
101 _aSOC
245 1 0 _aFact book on aging /
_cElizabeth Vierck.
504 _aIncludes bibliographical references (p. 172-184) and index.
906 _a7
_bcbc
_corignew
_d1
_eocip
_f19
_gy-gencatlg
942 _2ddc
_cBK
999 _c40868
_d40868